| 000 | 00785 a2200277 4500 | ||
|---|---|---|---|
| 001 | 200001172 | ||
| 999 |
_c200001172 _d33672 |
||
| 003 | TR-AnTOB | ||
| 005 | 20230821094711.0 | ||
| 008 | 160507d19662014it zn0p 0 1 | ||
| 022 | 0 | _a0391-7487 | |
| 040 |
_aTR-AnTOB _beng |
||
| 041 | 0 |
_aeng _aita |
|
| 050 | 0 | 4 | _aNK1390.O88 |
| 099 | _aJOURNAL - OTTA | ||
| 222 | _aOttagono | ||
| 245 | 0 | 0 | _aOttagono |
| 260 |
_aMilan : _bCO.P.IN.A., _c1966- |
||
| 300 |
_avolumes : _billustrations ; _c29 cm. |
||
| 310 | _aTen issues yearly, 2002-2014. | ||
| 321 | _aSix issues yearly, 1999-2001. | ||
| 500 | _aLibrary has vol.207(1),2008. vol.208(2)2009, 2010-2014. | ||
| 650 | 0 | 0 |
_aIndustrial design _vPeriodicals _969379 |
| 650 | 0 | 7 |
_aEndüstriyel tasarım _vSüreli yayınlar _2etuturkob _969378 |
| 942 | _cCR | ||